000
00227 a2200097 4500
001
6365
100
_a
Coddington, E A
245
_a
Theory of Ordinary Differential Equations
260
_a
_b
McGraw Hill
_c
090
_c
5240
_d
5240
942
_a
NUST-CAE
_c
M
_c
31646
999
_c
241438
_d
241438